[Event "Leipzig VfB op 22nd"]
[Site "Leipzig"]
[Date "2015.03.04"]
[Round "3"]
[White "Schlattmann, Martin"]
[Black "Platz, Daniel"]
[Result "0-1"]
[WhiteElo "1837"]
[BlackElo "2015"]
[PlyCount "74"]
[EventDate "2015.03.03"]
[EventType "swiss"]
[EventRounds "9"]
[EventCountry "GER"]
[SourceTitle "EXT 2016"]
[Source "ChessBase"]
[SourceDate "2015.10.08"]
[SourceVersion "1"]
[SourceVersionDate "2015.10.08"]
[SourceQuality "1"]

1. d4 d5 2. Nf3 Nf6 3. c4 c6 4. Nc3 dxc4 5. a4 Nd5 6. e4 Nxc3 7. bxc3 b5 8. Ba3 Bb7 9. Be2 Nd7 10. 0-0 e6 11. Bxf8 Nxf8 12. e5 Ng6 13. Qd2 0-0 14. Ng5 Nxe5 15. f4 Ng6 16. Qe3 h6 17. Ne4 Qc7 18. Qg3 Kh8 19. Nc5 Ne7 20. Qh3 Bc8 21. g4 Nd5 22. Qf3 g5 23. fxg5 hxg5 24. Ne4 f6 25. Nxg5 Kg7 26. Ne4 Rh8 27. Rf2 Rh6 28. g5 Rg6 29. Kh1 f5 30. h4 Qe7 31. Nc5 e5 32. Raf1 f4 33. Bd1 Ne3 34. Rg1 Bf5 35. dxe5 Qxc5 36. Qxf4 Rf8 37. h5 Re6 0-1

[Event "Muensterland Verbandsklasse-B 1213"]
[Site "Germany"]
[Date "2013.04.20"]
[Round "8.6"]
[White "Schlattmann, Martin"]
[Black "Sicking, Andreas"]
[Result "1-0"]
[WhiteElo "1796"]
[BlackElo "1709"]
[PlyCount "59"]
[EventDate "2012.09.15"]
[EventType "team-tourn"]
[EventRounds "9"]
[EventCountry "GER"]
[SourceTitle "EXT 2015"]
[Source "ChessBase"]
[SourceDate "2014.11.20"]
[SourceVersion "1"]
[SourceVersionDate "2014.11.20"]
[SourceQuality "1"]
[WhiteTeam "Stadtlohn"]
[BlackTeam "Heiden II"]
[WhiteTeamCountry "GER"]
[BlackTeamCountry "GER"]

1. d4 b6 2. c4 Bb7 3. Nc3 e6 4. a3 Nf6 5. Nf3 c5 6. dxc5 Bxc5 7. b4 Be7 8. Bf4 d6 9. Nb5 e5 10. Bg5 0-0 11. Bxf6 Bxf6 12. Nxd6 e4 13. Nxb7 Qc7 14. Nd4 Qxb7 15. e3 Rd8 16. Ra2 Nc6 17. Rd2 Ne5 18. Qb3 Rac8 19. Be2 b5 20. c5 a5 21. 0-0 a4 22. Qc2 h6 23. Rfd1 Kh8 24. Nxb5 Nd3 25. Bxd3 exd3 26. Qc4 Rd5 27. Rxd3 Rg5 28. e4 Re8 29. Nd6 Rxe4 30. Qxe4 1-0

[Event "Rhein Main op 12th"]
[Site "Bad Homburg"]
[Date "2009.06.13"]
[Round "6"]
[White "Schlattmann, Martin"]
[Black "Kuhn, Andreas"]
[Result "0-1"]
[WhiteElo "1730"]
[BlackElo "2162"]
[PlyCount "74"]
[EventDate "2009.06.10"]
[EventType "swiss"]
[EventRounds "7"]
[EventCountry "GER"]
[SourceTitle "CBM 131 Extra"]
[Source "ChessBase"]
[SourceDate "2009.09.03"]
[SourceVersion "2"]
[SourceVersionDate "2009.09.16"]
[SourceQuality "1"]

1. d4 e6 2. c3 f5 3. Nf3 Nf6 4. Bf4 Be7 5. e3 0-0 6. Nbd2 b6 7. Be2 Bb7 8. Qc2 Kh8 9. h3 Ne4 10. Nxe4 Bxe4 11. Bd3 d5 12. Rg1 c5 13. Nd2 c4 14. Bxe4 fxe4 15. 0-0-0 b5 16. f3 exf3 17. gxf3 Nc6 18. Be5 Nxe5 19. dxe5 Rb8 20. e4 Qb6 21. exd5 exd5 22. Rg4 Bc5 23. Rh4 g6 24. f4 b4 25. cxb4 Qxb4 26. Rf1 Be3 27. a3 Qxd2+ 28. Qxd2 Bxd2+ 29. Kxd2 Rxb2+ 30. Kc3 Rb3+ 31. Kd4 Rd3+ 32. Kc5 c3 33. Kd6 c2 34. Rc1 Rc8 35. Rg4 Rd1 36. Kd7 Rxc1 37. Kxc8 Re1 0-1

[Event "Rhein Main op 12th"]
[Site "Bad Homburg"]
[Date "2009.06.12"]
[Round "4"]
[White "Schlattmann, Martin"]
[Black "Jaquet, Reinier"]
[Result "1-0"]
[WhiteElo "1730"]
[BlackElo "2009"]
[PlyCount "69"]
[EventDate "2009.06.10"]
[EventType "swiss"]
[EventRounds "7"]
[EventCountry "GER"]
[SourceTitle "CBM 131 Extra"]
[Source "ChessBase"]
[SourceDate "2009.09.03"]
[SourceVersion "2"]
[SourceVersionDate "2009.09.16"]
[SourceQuality "1"]

1. d4 g6 2. c3 Bg7 3. e4 d6 4. f4 h5 5. Nf3 Nd7 6. Be3 e6 7. Bd3 Nh6 8. h3 Nb6 9. Qe2 Qe7 10. a4 a5 11. 0-0 Bd7 12. b3 d5 13. e5 0-0 14. Bc1 Rfc8 15. Kh1 Qd8 16. Qf2 Bf8 17. Rg1 c5 18. g4 hxg4 19. hxg4 c4 20. bxc4 dxc4 21. Be4 Rc7 22. Rg2 Bxa4 23. f5 Bc6 24. Bxc6 Rxc6 25. f6 Qd5 26. Qh4 Qxf3 27. Bxh6 Nd5 28. Nd2 Qxc3 29. Rag1 Qxd4 30. Bxf8 Nxf6 31. Nf3 Qf4 32. exf6 Rc5 33. Bg7 Rh5 34. gxh5 Qxh4+ 35. Nxh4 1-0

[Event "Muensterland Verbandsliga 0809"]
[Site "Germany"]
[Date "2009.01.31"]
[Round "6.6"]
[White "Heine, Rolf"]
[Black "Schlattmann, Martin"]
[Result "1-0"]
[WhiteElo "2038"]
[BlackElo "1802"]
[PlyCount "43"]
[EventDate "2008.09.20"]
[EventType "team-tourn"]
[EventRounds "9"]
[EventCountry "GER"]
[SourceTitle "EXT 2010"]
[Source "ChessBase"]
[SourceDate "2010.11.25"]
[SourceVersion "1"]
[SourceVersionDate "2010.11.25"]
[SourceQuality "1"]
[WhiteTeam "Sendenhorst"]
[BlackTeam "Stadtlohn"]
[WhiteTeamCountry "GER"]
[BlackTeamCountry "GER"]

1. c4 Nf6 2. g3 g6 3. Bg2 Bg7 4. Nc3 0-0 5. e4 d6 6. Nge2 c6 7. 0-0 Be6 8. d3 Qc8 9. f4 Bh3 10. Rb1 Bxg2 11. Kxg2 a5 12. a3 Na6 13. b4 axb4 14. axb4 c5 15. b5 Nb4 16. Bb2 b6 17. Ra1 Rxa1 18. Bxa1 Ng4 19. Qd2 Nc2 20. Nd5 Qb7 21. Bxg7 Kxg7 22. h3 1-0

[Event "Muensterland Verbandsliga 0708"]
[Site "Germany"]
[Date "2008.03.01"]
[Round "7.6"]
[White "Schlattmann, Martin"]
[Black "Stroessner, Lena"]
[Result "1/2-1/2"]
[WhiteElo "1802"]
[BlackElo "1744"]
[PlyCount "35"]
[EventDate "2007.09.08"]
[EventType "team"]
[EventRounds "9"]
[EventCountry "GER"]
[SourceTitle "EXT 2009"]
[Source "ChessBase"]
[SourceDate "2008.11.26"]
[SourceVersion "1"]
[SourceVersionDate "2008.11.26"]
[SourceQuality "1"]
[WhiteTeam "Stadtlohn"]
[BlackTeam "Olfen"]
[WhiteTeamCountry "GER"]
[BlackTeamCountry "GER"]

1. d4 e6 2. c4 d5 3. Nc3 c6 4. e3 Nf6 5. Nf3 Nbd7 6. Qc2 dxc4 7. Bxc4 b5 8. Be2 a6 9. Bd2 c5 10. 0-0 Be7 11. Rac1 0-0 12. Rfd1 Qb6 13. Ne4 Nxe4 14. Qxe4 Bb7 15. dxc5 Nxc5 16. Qg4 Ne4 17. Be1 Rac8 18. Ne5 1/2-1/2

[Event "Muensterland Verbandsliga 0708"]
[Site "Germany"]
[Date "2008.01.12"]
[Round "5.6"]
[White "Schlattmann, Martin"]
[Black "Van Ackeren, Franz"]
[Result "0-1"]
[WhiteElo "1802"]
[BlackElo "2100"]
[PlyCount "96"]
[EventDate "2007.09.08"]
[EventType "team"]
[EventRounds "9"]
[EventCountry "GER"]
[SourceTitle "EXT 2009"]
[Source "ChessBase"]
[SourceDate "2008.11.26"]
[SourceVersion "1"]
[SourceVersionDate "2008.11.26"]
[SourceQuality "1"]
[WhiteTeam "Stadtlohn"]
[BlackTeam "Westbevern"]
[WhiteTeamCountry "GER"]
[BlackTeamCountry "GER"]

1. d4 g6 2. c4 Bg7 3. Nc3 d6 4. e4 Nc6 5. Be3 Nf6 6. h3 0-0 7. d5 Nb8 8. Be2 c6 9. Nf3 b5 10. dxc6 b4 11. Nd5 Nxc6 12. Nxf6+ Bxf6 13. Qd2 a5 14. 0-0 Bb7 15. Qc2 a4 16. Rad1 Qa5 17. Rd5 Qc7 18. Rdd1 Rfc8 19. b3 axb3 20. axb3 Ra3 21. Nd4 Nxd4 22. Bxd4 Bxd4 23. Rxd4 Rca8 24. Bd1 Ra2 25. Qd3 Qc5 26. Qe3 R8a5 27. Re1 Rb2 28. Rd3 Qxe3 29. Rdxe3 Rb1 30. Bf3 Rb2 31. Bd1 Raa2 32. Be2 f6 33. f3 Kf7 34. Kf1 Ke6 35. Rd3 g5 36. g3 h5 37. Re3 Ke5 38. Rd1 Rd2 39. Rxd2 Rxd2 40. Ke1 Rb2 41. Rd3 h4 42. gxh4 gxh4 43. Kf2 Kf4 44. Ke1 Bc8 45. Bf1 Be6 46. Be2 Bxh3 47. Bd1 Be6 48. c5 h3 0-1

[Event "Muensterland Verbandsliga 0708"]
[Site "Germany"]
[Date "2007.11.03"]
[Round "3.6"]
[White "Schlattmann, Martin"]
[Black "Doennebrink, Elmar"]
[Result "0-1"]
[WhiteElo "1802"]
[BlackElo "2160"]
[PlyCount "50"]
[EventDate "2007.09.08"]
[EventType "team"]
[EventRounds "9"]
[EventCountry "GER"]
[SourceTitle "EXT 2009"]
[Source "ChessBase"]
[SourceDate "2008.11.26"]
[SourceVersion "1"]
[SourceVersionDate "2008.11.26"]
[SourceQuality "1"]
[WhiteTeam "Stadtlohn"]
[BlackTeam "Suedlohn"]
[WhiteTeamCountry "GER"]
[BlackTeamCountry "GER"]

1. d4 d5 2. Nf3 Nf6 3. Bg5 Nbd7 4. e3 h6 5. Bh4 g5 6. Bg3 Ne4 7. Nfd2 Nxg3 8. hxg3 Bg7 9. Bd3 c5 10. c3 Qb6 11. Qc2 e5 12. dxe5 Nxe5 13. Be2 Be6 14. Nf3 Nc6 15. Nbd2 0-0-0 16. a4 Kb8 17. 0-0 Bf6 18. Ra3 h5 19. a5 Qc7 20. Nb3 Ne7 21. Nbd2 h4 22. gxh4 g4 23. Ne1 Bxh4 24. Nd3 Qh2+ 25. Kxh2 Bxf2# 0-1

[Event "Muensterland Verbandsliga 0607"]
[Site "Germany"]
[Date "2006.11.25"]
[Round "3.8"]
[White "Langhans, Joerg"]
[Black "Schlattmann, Martin"]
[Result "1/2-1/2"]
[WhiteElo "1866"]
[BlackElo "1765"]
[PlyCount "93"]
[EventDate "2006.09.16"]
[EventType "team"]
[EventRounds "9"]
[EventCountry "GER"]
[SourceTitle "EXT 2008"]
[Source "ChessBase"]
[SourceDate "2007.11.25"]
[SourceVersion "1"]
[SourceVersionDate "2007.11.25"]
[SourceQuality "1"]
[WhiteTeam "Rheine Klein Berlin"]
[BlackTeam "Stadtlohn"]
[WhiteTeamCountry "GER"]
[BlackTeamCountry "GER"]

1. e4 e5 2. Nf3 d6 3. Bc4 Be7 4. d4 exd4 5. Nxd4 Nf6 6. Nc3 Bd7 7. 0-0 0-0 8. a4 Nc6 9. a5 Nxd4 10. Qxd4 a6 11. f3 Be6 12. Rd1 Nd7 13. Nd5 Bxd5 14. Qxd5 c6 15. Qd4 d5 16. Kh1 Bf6 17. Qd2 dxc4 18. Qxd7 Qxd7 19. Rxd7 Rfd8 20. Rd2 Rxd2 21. Bxd2 Bxb2 22. Rb1 c3 23. Be3 Rd8 24. Kg1 f6 25. Kf2 Rd7 26. Ke2 c5 27. Rd1 Rxd1 28. Kxd1 Ba3 29. Ke2 Bb4 30. Kd3 Bxa5 31. Bxc5 b5 32. Bd4 Kf7 33. Bxc3 Bxc3 34. Kxc3 a5 35. Kd4 Ke6 36. Kc5 a4 37. Kb4 Kd6 38. c4 bxc4 39. Kxc4 Ke5 40. Kb4 f5 41. exf5 Kxf5 42. g3 h5 43. Kxa4 Ke5 44. Kb3 Kd4 45. Kc2 Ke3 46. f4 h4 47. Kc3 1/2-1/2

[Event "Muensterland Verbandsliga 0607"]
[Site "Germany"]
[Date "2006.09.16"]
[Round "1.8"]
[White "Schlattmann, Martin"]
[Black "Lodde, Martin"]
[Result "1/2-1/2"]
[WhiteElo "1765"]
[BlackElo "1956"]
[PlyCount "72"]
[EventDate "2006.09.16"]
[EventType "team"]
[EventRounds "9"]
[EventCountry "GER"]
[SourceTitle "EXT 2008"]
[Source "ChessBase"]
[SourceDate "2007.11.25"]
[SourceVersion "1"]
[SourceVersionDate "2007.11.25"]
[SourceQuality "1"]
[WhiteTeam "Stadtlohn"]
[BlackTeam "Westbevern"]
[WhiteTeamCountry "GER"]
[BlackTeamCountry "GER"]

1. d4 Nf6 2. Nf3 b6 3. c4 e6 4. Nc3 Bb4 5. a3 Bxc3+ 6. bxc3 Ba6 7. Nd2 d5 8. cxd5 exd5 9. e3 Bxf1 10. Nxf1 0-0 11. Ng3 Nc6 12. 0-0 Na5 13. f3 c5 14. e4 cxd4 15. cxd4 Rc8 16. e5 Nd7 17. Nf5 Rc6 18. Bd2 Nc4 19. Bb4 Re8 20. Bd2 Nf8 21. f4 Qc8 22. Ng3 Nxd2 23. Qxd2 Rc2 24. Qd1 Qc3 25. Rf2 Rc8 26. Rxc2 Qxc2 27. Qg4 Rc6 28. f5 Qd2 29. Rd1 Rc1 30. Rxc1 Qxc1+ 31. Kf2 Qb2+ 32. Kf1 Qxa3 33. Nh5 Qc1+ 34. Kf2 Qd2+ 35. Kf1 Qh6 36. Nf4 Qc6 1/2-1/2